Hiểu bệnh để phòng, trị bệnh

Nội dung tài liệu cung cấp những kiến thức phổ thông về các loại bệnh cũng như cách phòng tránh, chữa trị các bệnh thường gặp, các vấn đề liên quan đến sức khoẻ của người cao tuổi, chăm sóc da, phương pháp xoa bóp, thư giãn... để giữ...

Celý popis

Uloženo v:
Podrobná bibliografie
Hlavní autor: Lê Hùng
Médium: Kniha
Jazyk:Vietnamese
Vydáno: Tp. Hồ Chí Minh Tổng hợp 2010
Témata:
Tagy: Přidat tag
Žádné tagy, Buďte první, kdo otaguje tento záznam!
Thư viện lưu trữ: Thư viện Trường Đại học Nam Cần Thơ
LEADER 01752aam a22002418a 4500
001 NCT_7758
008 110215s2010 ||||||viesd
999 |c 393  |d 393 
020 |c 42000 
082 0 4 |2 23rd ed.  |a 616  |b H513 
100 1 |a Lê Hùng 
245 1 0 |a Hiểu bệnh để phòng, trị bệnh  |c Lê Hùng 
260 |a Tp. Hồ Chí Minh  |b Tổng hợp  |c 2010 
300 |a 199tr.  |b ảnh  |c 21cm 
520 3 |a Nội dung tài liệu cung cấp những kiến thức phổ thông về các loại bệnh cũng như cách phòng tránh, chữa trị các bệnh thường gặp, các vấn đề liên quan đến sức khoẻ của người cao tuổi, chăm sóc da, phương pháp xoa bóp, thư giãn... để giữ gìn sức khoẻ nói chung 
655 7 |a Sách thường thức 
942 |2 ddc  |c BK 
952 |0 0  |1 0  |2 ddc  |4 0  |6 616_000000000000000_H513  |7 0  |9 16318  |a 000001  |b 000001  |d 2019-03-16  |l 1  |o 616 H513  |p MD.14983  |r 2020-12-03  |s 2020-11-19  |v 42000.00  |w 2019-03-16  |y BK 
952 |0 0  |1 0  |2 ddc  |4 0  |6 616_000000000000000_H513  |7 0  |9 16319  |a 000001  |b 000001  |d 2019-03-16  |l 1  |o 616 H513  |p MD.14984  |r 2020-12-11  |s 2020-12-05  |v 42000.00  |w 2019-03-16  |y BK 
952 |0 0  |1 0  |2 ddc  |4 0  |6 616_000000000000000_H513  |7 0  |9 16320  |a 000001  |b 000001  |d 2019-03-16  |o 616 H513  |p MD.14985  |r 2019-03-16  |v 42000.00  |w 2019-03-16  |y BK 
952 |0 0  |1 0  |2 ddc  |4 0  |6 616_000000000000000_H513  |7 0  |9 16321  |a 000001  |b 000001  |d 2019-03-16  |l 1  |o 616 H513  |p MD.14986  |r 2020-07-07  |s 2020-01-08  |v 42000.00  |w 2019-03-16  |y BK 
952 |0 0  |1 0  |2 ddc  |4 0  |6 616_000000000000000_H513  |7 0  |9 16322  |a 000001  |b 000001  |d 2019-03-16  |o 616 H513  |p MD.14987  |r 2019-03-16  |v 42000.00  |w 2019-03-16  |y BK 
980 |a Thư viện Trường Đại học Nam Cần Thơ